Cotribution of biological study on dipterocarpus costatus preah sihanouk ream national park, វិភាគទាននៃការសិក្សាលក្ខណៈជីវសាស្ត្ររបស់ប្រភេទឈើទាលនាងដែងក្នុងឧទ្យានជាតិព្រះសីហនុ"រាម" (Record no. 3184)

000 -LEADER
fixed length control field 00703nam a22001577a 4500
003 - CONTROL NUMBER IDENTIFIER
control field OSt
005 - DATE AND TIME OF LATEST TRANSACTION
control field 20151105154206.0
008 - FIXED-LENGTH DATA ELEMENTS--GENERAL INFORMATION
fixed length control field 151105b xxu||||| |||| 00| 0 eng d
040 ## - CATALOGING SOURCE
Transcribing agency RUA
082 ## - DEWEY DECIMAL CLASSIFICATION NUMBER
Classification number FOR BOR 2000 B126 Or.1
100 ## - MAIN ENTRY--PERSONAL NAME
9 (RLIN) 3414
Personal name BORN, VIRAK.
245 ## - TITLE STATEMENT
Title Cotribution of biological study on dipterocarpus costatus preah sihanouk ream national park, វិភាគទាននៃការសិក្សាលក្ខណៈជីវសាស្ត្ររបស់ប្រភេទឈើទាលនាងដែងក្នុងឧទ្យានជាតិព្រះសីហនុ"រាម"
260 ## - PUBLICATION, DISTRIBUTION, ETC. (IMPRINT)
Place of publication, distribution, etc. Phnom Penh
Name of publisher, distributor, etc. RUA
Date of publication, distribution, etc. 2000
300 ## - PHYSICAL DESCRIPTION
Extent 48p.
Other physical details ill.
Dimensions 29cm.
942 ## - ADDED ENTRY ELEMENTS (KOHA)
Source of classification or shelving scheme
Koha item type FOR
Holdings
Price effective from Date last seen Permanent Location Not for loan Date acquired Source of classification or shelving scheme Koha item type Barcode Lost status Damaged status Shelving location Withdrawn status Current Location Full call number
2015-11-052015-11-05Library Block B 2015-11-05 FORRUA032394  B126 Library Block BFOR BOR 2000 B126 Or.1
2015-11-052015-11-05Library Block B 2015-11-05 FORRUA032441  B126 Library Block BFOR BOR 2000 B126 Or.2
2015-11-062015-11-06Library Block B 2015-11-06 FORRUA002479  B126 Library Block BFOR BOR 2000 B126 Or.3
2015-11-062015-11-06Library Block B 2015-11-06 FORRUA002047  B126 Library Block BFOR BOR 2000 B126 Or.4
2015-11-062015-11-06Library Block B 2015-11-06 FORRUA002191  B126 Library Block BFOR BOR 2000 B126 Or.5
មជ្ឈមណ្ឌលឯការនៃសាកលវិទ្យាល័យភូមិន្ទកសិកម្មចំការដូង

Powered by Koha